Trung Quốc nhìn từ nhiều phía

Tập hợp nhiều bài báo về chính trị - xã hội của Trung Quốc

Na minha lista:
Detalhes bibliográficos
Formato: Livro
Idioma:Undetermined
Publicado em: Hà Nội Tri thức 2014
Assuntos:
Tags: Adicionar Tag
Sem tags, seja o primeiro a adicionar uma tag!
Thư viện lưu trữ: Trung tâm Học liệu Trường Đại học Cần Thơ
LEADER 00667nam a2200205Ia 4500
001 CTU_215290
008 210402s9999 xx 000 0 und d
020 |c 150000 
082 |a 320.951 
082 |b Tr513 
245 0 |a Trung Quốc nhìn từ nhiều phía 
245 0 |c Nhiều tác giả 
260 |a Hà Nội 
260 |b Tri thức 
260 |c 2014 
520 |a Tập hợp nhiều bài báo về chính trị - xã hội của Trung Quốc 
650 |a Chính trị xã hội,Political society 
650 |z Trung Quốc,China 
904 |i Nguyên 
980 |a Trung tâm Học liệu Trường Đại học Cần Thơ